فنون السحر / Funūn al-siḥr
محفوظ في:
المؤلف الرئيسي:
التنسيق: كتاب
اللغة: Undetermined
منشور في:
Miṣr
Dār al-Maʻārif bi-Misr
1957
سلاسل:
Iqraʼ, 174
الموضوعات:
الوسوم: إضافة وسم
لا توجد وسوم, كن أول من يضع وسما على هذه التسجيلة!
رقم الطلب: O10 SHIN
| LEADER | 00503nam a2200181Ia 4500 | ||
|---|---|---|---|
| 008 | 240404s9999||||xx |||||||||||||| ||und|| | ||
| 050 | 4 | |a O10 SHIN | |
| 100 | 1 | |a Aḥmad Shintanāwī. | |
| 245 | 1 | 0 | |a فنون السحر / Funūn al-siḥr |c Aḥmad Shintanāwī |
| 264 | 1 | |a Miṣr |b Dār al-Maʻārif bi-Misr |c 1957 | |
| 300 | |a 127 |c 17 | ||
| 490 | 0 | |a Iqraʼ, 174 | |
| 650 | 4 | |a History | |
| 650 | 4 | |a Sorcellerie Histoire | |
| 650 | 4 | |a Witchcraft | |
| 650 | 4 | |a Witchcraft History | |
| 942 | |2 lcc |c BK | ||
| 999 | |c 58085 |d 58085 | ||
